Food Close-Ups Quiz Stats

 Plays Quiz Updated Sep 25, 2015

Also try: Oddly Shaped Foods
Challenge
Share
Tweet
Score 0/15 Timer 04:00
2 Plays Today
% Correct
Strawberry
99.5%
Peach
95.7%
Red Onion
95.4%
Popcorn
93.7%
Bread
93.4%
Cauliflower
93.3%
Raisins
92.2%
Bacon
88.5%
% Correct
Peanut Butter
87.9%
Cinnamon
83.8%
Pumpkin Pie
75.6%
Artichoke
75.4%
Pomegranate
71.5%
Macaron
63.1%
Starfruit
55.3%

You're not logged in!

Compare scores with friends on all Sporcle quizzes.
Join for Free
OR
Log In

You Might Also Like...

Show Comments

Extras

Top Quizzes Today


Score Distribution

Your Account Isn't Verified!

In order to create a playlist on Sporcle, you need to verify the email address you used during registration. Go to your Sporcle Settings to finish the process.

Report this User

Report this user for behavior that violates our Community Guidelines.

Details: